| 000 | 00000cam 2200000zi 4500 |
| 001 | 9.961000 |
| 003 | CaOODSP |
| 005 | 20260513131451 |
| 006 | m o d f |
| 007 | cr mn||||||||| |
| 008 | 260316e202603 quc o f000 0 fre d |
| 020 | |a9780660990217 |
| 040 | |aCaOODSP|bfre|erda|cCaOODSP |
| 043 | |an-cn--- |
| 086 | 1 |aBC92-131/2026F-PDF |
| 245 | 00|aComprendre la connaissance et la satisfaction des consommateurs à l'égard de la Commission des plaintes relatives aux services de télécom-télévision (CPRST) 2025-2026 : |brapport final / |cpréparé pour le Conseil de la radiodiffusion et des télécommunications canadiennes (CRTC). |
| 264 | 1|a[Gatineau, Québec] : |bConseil de la radiodiffusion et des télécommunications canadiennes = Canadian Radio-television and Telecommunications Commission, |cmars 2026. |
| 264 | 4|c©2026 |
| 300 | |a1 ressource en ligne (44 pages non numérotées) |
| 336 | |atexte|btxt|2rdacontent/fre |
| 337 | |ainformatique|bc|2rdamedia/fre |
| 338 | |aressource en ligne|bcr|2rdacarrier/fre |
| 500 | |aPublié aussi en anglais sous le titre : Understanding consumer awareness and satisfaction with the Commission for Complaints for Telecom-television Services (CCTS) 2025-2026: final report. |
| 500 | |a« Nom du fournisseur : Nanos Research. » |
| 500 | |a« Numéro de contrat : CW2415556. » |
| 500 | |a« Numéro d’enregistrement : POR 016-25. » |
| 650 | 6|aTélécommunications|xService à la clientèle|zCanada|xOpinion publique. |
| 650 | 6|aFournisseurs de services Internet|xService à la clientèle|zCanada|xOpinion publique. |
| 650 | 6|aConsommateurs|xPlaintes|zCanada|xOpinion publique. |
| 650 | 6|aOpinion publique|zCanada. |
| 650 | 6|aConsommateurs|zCanada|xAttitudes. |
| 710 | 2 |aConseil de la radiodiffusion et des télécommunications canadiennes, |eorganisme de publication. |
| 710 | 2 |aNanos Research (Firme), |econsultant. |
| 775 | 08|tUnderstanding consumer awareness and satisfaction with the Commission for Complaints for Telecom-television Services (CCTS) 2025-2026 : |w(CaOODSP)9.961001 |
| 856 | 40|qPDF|s1.48 Mo|uhttps://publications.gc.ca/collections/collection_2026/crtc/BC92-131-2026-fra.pdf|zRapport final |
| 856 | 4 |qHTML|sS.O.|uhttps://epe.lac-bac.gc.ca/100/200/301/pwgsc-tpsgc/por-ef/crtc/2026/016-25-f/POR_016-25_Report_FR.html|zRapport final |
| 856 | 4 |qHTML|sS.O.|uhttps://epe.lac-bac.gc.ca/100/200/301/pwgsc-tpsgc/por-ef/crtc/2026/016-25-f/index.html|zEnsemble de données complet |